000 00802nam a22001817a 4500
003 UA-OsUOA
001 13943
007 ta
008 20030706b un ||||| |||| 00| 0 ukr d
100 _aКухарець В.
942 _cSA
040 _aUA-OsUOA
_cUA-OsUOA
_dUA-OsUOA
245 _aПобутова галузь - розвивається: [ Про розвиток сфери побуту в Рівному розповідає начальник торг. від. , в.о. начальника упр. торгівлі , громадського харчування й побут. обслуг. населення В.Кухарець]
300 _aС.9
955 _a0
773 0 _w0
_tСім днів
_dРівне
_d2003
_g№25/20 черв./
650 7 _aКраєзнавча робота
_2UDC
999 _c300104
_d300104